Extremely Hard General Knowledge #53 - Statistics

General Stats
  • This quiz has been taken 278 times
  • The average score is 4 of 20
Answer Stats
Hint Answer % Correct
In which year was "The Rumble in the Jungle" fight between Muhammad Ali and George Foreman? 1974
67%
What is the name of the river that runs through Kiev, which is also the longest river within Ukraine? Dnieper
57%
The first website was created for the organization Tim Berners-Lee was working for at the time, a Swiss nuclear research organization known by what 4-letter acronym? CERN
36%
What is the name of the archipelago lying east of Somalia, that belongs to Yemen? Socotra
30%
In Greek Mythology, what collective name is given to the goddesses Clotho (The Spinner), Lachesis (The Allotter) and Atropis (The Inflexible)? The Fates
27%
What Italian phrase for cathedral is derived from the Latin word for "house"? Duomo
23%
Who has been the voice of Lisa since the first episode of "The Simpsons" in 1989? Yeardley Smith
19%
Which Canadian indie rock band has had 3 UK Number One albums with "The Suburbs", "Reflektor" and "Everything Now" all in the 2010s? Arcade Fire
17%
Which Swedish detective series was adapted for a British audience in 2008 with Kenneth Branagh playing the titular detective? Wallander
16%
Which man won the 2022 and 2024 Masters Tournament in Golf? Scottie Scheffler
13%
Chemin de fer is a variant of which card game where multiple decks are used, and the cards have a point value? Baccarat
11%
Who played protagonist Harvey Specter in Suits from 2011-2019? Gabriel Macht
10%
in 2001, Björk was nominated for the Best Original Song Oscar for "I've Seen it All" for which film? Dancer in the Dark (2000)
8%
What was the name of the man who served as first president of Zambia from its independence from the UK in 1964 until 1991? Kenneth Kaunda
7%
In 1991, which woman became the first British astronaut to travel into space? Helen Sharman
6%
How many vertices (points) are there on a standard Go board? 361
4%
According to the novels by Edgar Rice Burroughs, "Tarzan" is the ape-name of which human male name? John Clayton
4%
What is the maiden name of Kris Jenner? Houghton
3%
Which restaurant founded by Michel Roux in Berkshire and has had 3 Michelin stars since 1985? The Waterside Inn
1%
What was the name of the Dean of Westminster who officiated most of Prince William and Kate's wedding? John Hall
0%
No matching quizzes found
Score Distribution
Percent of People with Each Score
Percentile by Number Answered
Your Score History
You have not taken this quiz